00517nam a2200193 a 450000100060000000300090000600800410001502000150005604000280007108200170009910000350011624500700015125000060022126000430022730000110027065000200028165000110030165000110031218068CO-ViMGA141112s2004 ck r 000 u spa d a8478841555 aCO-ViMGAbspacCO-ViMGA04a790.192 A2741 aMartin, Ana; Ramirez, Cristina10aActividades lúdicas . El juego alternativa de ocio para jovenes a2 aMadríd (España), cPopular, c2000 a175.p.14aENTRETENIMIENTO14aJUEGOS14aLUDICA